[Event "Novi Sad chess winter "]
[Site "Novi Sad"]
[Date "2014.01.10"]
[Round "1.9"]
[White "Babic, Radoslav"]
[Black "Aleksic, Zvonimir"]
[Result "1/2-1/2"]
[WhiteElo "2188"]
[BlackElo "1936"]
[PlyCount "88"]
[EventDate "2014.01.10"]

1. e4 e5 2. Nf3 Nf6 3. Nxe5 d6 4. Nf3 Nxe4 5. Nc3 Nxc3 6. dxc3 Nc6 7. Be3 Be7
8. Qd2 Be6 9. O-O-O Qd7 10. Kb1 O-O-O 11. Ng5 Bxg5 12. Bxg5 f6 13. Be3 a6 14.
Be2 Ne5 15. f4 Nc4 16. Qd4 Nxe3 17. Qxe3 Kb8 18. Qg3 Bxa2+ 19. Kxa2 Qe6+ 20.
Kb1 Qxe2 21. Qxg7 Rhg8 22. Qxf6 Qxg2 23. Qh6 Qe4 24. Rhe1 Qf5 25. Re7 Rd7 26.
Rxd7 Qxd7 27. Qf6 Qa4 28. f5 Qc4 29. Re1 Qd5 30. Qe6 Qxe6 31. Rxe6 Rf8 32. Rh6
Rxf5 33. Rxh7 Rf2 34. h4 Rh2 35. Rh8+ Ka7 36. h5 Kb6 37. h6 d5 38. h7 c6 39. b3
Kb5 40. Kc1 a5 41. Kb2 b6 42. Ka3 c5 43. Rd8 Rxh7 44. Rxd5 Kc6 1/2-1/2

[Event "Novi Sad chess winter "]
[Site "Novi Sad"]
[Date "2014.01.10"]
[Round "1.10"]
[White "Simovic, Zarko"]
[Black "Popovic, Milan S"]
[Result "1-0"]
[WhiteElo "1946"]
[BlackElo "2185"]
[PlyCount "111"]
[EventDate "2014.01.10"]

1. d4 Nf6 2. Nf3 g6 3. c4 Bg7 4. Nc3 O-O 5. e3 d6 6. Bd3 Nbd7 7. O-O e5 8. Re1
Qe7 9. Qc2 Re8 10. dxe5 dxe5 11. e4 c6 12. Bg5 Nc5 13. Be2 Ne6 14. Rad1 h6 15.
Bc1 Nh5 16. Be3 Nef4 17. h3 Qf6 18. Kh2 Nxe2 19. Nxe2 Qe7 20. g4 Nf6 21. c5 h5
22. g5 Nh7 23. Rd6 Be6 24. b3 f6 25. h4 f5 26. Bc1 Qf7 27. Nd2 Bf8 28. Rd3 Rad8
29. Rf3 f4 30. Ng1 Bg4 31. Rc3 Bg7 32. f3 Bc8 33. Nc4 Qe7 34. Nd6 Rf8 35. Rd3
Be6 36. Red1 Rd7 37. Bb2 Nxg5 38. hxg5 Qxg5 39. Qg2 Qh6 40. Nh3 Bf6 41. Nf5
Bxf5 42. Rxd7 Bxd7 43. Rxd7 Rf7 44. Qd2 Qg7 45. Rxf7 Qxf7 46. Qd6 Qg7 47. Nxf4
Kh7 48. Nd3 Qf7 49. f4 Bg7 50. Bxe5 Bxe5 51. Qxe5 Qd7 52. Qd6 Qg4 53. Nf2 Qf3
54. Kg1 Qg3+ 55. Kf1 h4 56. f5 1-0

[Event "Novi Sad chess winter "]
[Site "Novi Sad"]
[Date "2014.01.10"]
[Round "1.13"]
[White "Mladenovic, Aleksandar D"]
[Black "Farkas, Sandor I"]
[Result "1/2-1/2"]
[WhiteElo "1959"]
[BlackElo "1874"]
[PlyCount "104"]
[EventDate "2014.01.10"]

1. d4 Nf6 2. c4 g6 3. Nc3 Bg7 4. e4 d6 5. Nf3 O-O 6. Be2 Na6 7. O-O e5 8. d5
Nc5 9. Qc2 a5 10. Be3 Ne8 11. Bxc5 dxc5 12. a3 Nd6 13. Rab1 f5 14. b4 cxb4 15.
axb4 axb4 16. Rxb4 b6 17. Bd3 f4 18. Nb5 Bg4 19. Be2 Bxf3 20. Bxf3 h5 21. Nxd6
Qxd6 22. c5 bxc5 23. Rb5 c6 24. Rxc5 cxd5 25. exd5 Ra2 26. Qc4 Ra4 27. Qc2 e4
28. Qxa4 Qxc5 29. Qxe4 Rf5 30. Qe6+ Kh7 31. h3 Bd4 32. d6 Re5 33. Qf7+ Kh8 34.
d7 Bxf2+ 35. Kh1 Bh4 36. Rd1 Qa5 37. d8=Q+ Bxd8 38. Qf8+ Kh7 39. Rd7+ Re7 40.
Rxe7+ Bxe7 41. Qxe7+ Kh8 42. Qe8+ Kg7 43. Qe7+ Kg8 44. Qe6+ Kg7 45. Qd7+ Kg8
46. Bd5+ Kh8 47. Qe8+ Kg7 48. Qf7+ Kh6 49. Qxf4+ Kh7 50. Qf7+ Kh6 51. Qf4+ Kh7
52. Kh2 Qxd5 1/2-1/2

[Event "Novi Sad chess winter "]
[Site "Novi Sad"]
[Date "2014.01.10"]
[Round "1.1"]
[White "Drazic, Sinisa"]
[Black "Marholev, Dimitar"]
[Result "1-0"]
[WhiteElo "2421"]
[BlackElo "2321"]
[PlyCount "63"]
[EventDate "2014.01.10"]

1. d4 Nf6 2. Nd2 e5 3. dxe5 Ng4 4. Ngf3 Nc6 5. Nc4 Bc5 6. e3 Qe7 7. Be2 b5 8.
h3 Nxf2 9. Kxf2 bxc4 10. Bxc4 O-O 11. Bd5 Bb7 12. a3 Rae8 13. b4 Bb6 14. c4 d6
15. c5 dxc5 16. b5 Na5 17. Bxb7 Nxb7 18. Bb2 c4 19. Qd5 Qc5 20. Qxc5 Nxc5 21.
Ke2 f6 22. a4 Nd3 23. Bc3 Nxe5 24. Nxe5 fxe5 25. Bb4 Rf6 26. a5 Bd4 27. Ra2 Rg6
28. g4 c5 29. bxc6 Rxc6 30. exd4 exd4+ 31. Kd1 Rb8 32. Be1 1-0

[Event "Novi Sad chess winter "]
[Site "Novi Sad"]
[Date "2014.01.10"]
[Round "1.2"]
[White "Lukovic, Vladimir"]
[Black "Radulovic, Bojan"]
[Result "1-0"]
[WhiteElo "2396"]
[BlackElo "2235"]
[PlyCount "103"]
[EventDate "2014.01.10"]

1. e4 c5 2. Nf3 e6 3. d4 cxd4 4. Nxd4 Nc6 5. Nxc6 bxc6 6. Bd3 Nf6 7. O-O d5 8.
Nd2 Be7 9. Qe2 O-O 10. c4 Ba6 11. Rd1 Qc7 12. b3 d4 13. e5 Nd7 14. Nf3 c5 15.
Re1 Bb7 16. Ng5 h6 17. Nh3 Qc6 18. Nf4 Bg5 19. Qg4 Qc7 20. Qg3 Nxe5 21. Nxe6
Nf3+ 22. gxf3 Qxg3+ 23. fxg3 fxe6 24. f4 Bf6 25. Rxe6 Rfe8 26. Rxe8+ Rxe8 27.
Bd2 Kf7 28. Kf2 Bd8 29. Re1 Be7 30. Be4 Bxe4 31. Rxe4 a5 32. Re1 a4 33. bxa4
Rb8 34. Ke2 Rb2 35. Ra1 Rb7 36. Kd3 Ra7 37. a5 Bd8 38. Ke4 Ke6 39. a4 Bxa5 40.
Bxa5 Rxa5 41. g4 Kd6 42. h4 Ra7 43. a5 Kc6 44. a6 Kb6 45. Kd3 Kc6 46. f5 Kd6
47. Re1 Rd7 48. Rb1 Kc6 49. Rb7 Rxb7 50. axb7 Kxb7 51. g5 hxg5 52. hxg5 1-0

[Event "Novi Sad chess winter "]
[Site "Novi Sad"]
[Date "2014.01.10"]
[Round "1.4"]
[White "Dostan, Janos"]
[Black "Cengija, Vanja"]
[Result "1-0"]
[WhiteElo "2210"]
[BlackElo "2255"]
[PlyCount "77"]
[EventDate "2014.01.10"]

1. e4 Nf6 2. d3 d6 3. Nf3 g6 4. Be2 Bg7 5. O-O O-O 6. Nbd2 c5 7. c3 Nc6 8. a4
b6 9. Re1 Bb7 10. Bf1 Ne8 11. Nc4 Nc7 12. Bg5 Ne6 13. Bh4 d5 14. Ne3 d4 15. Nd5
Re8 16. c4 f6 17. Bg3 Rc8 18. h4 Nf8 19. Nh2 e6 20. Nf4 Qd7 21. f3 Qf7 22. Bf2
g5 23. Nh3 gxh4 24. Bxh4 Ng6 25. Bf2 f5 26. g3 f4 27. Kg2 Kh8 28. Be2 fxg3 29.
Bxg3 Be5 30. Qd2 Bxg3 31. Kxg3 Rg8 32. Ng4 e5 33. Rh1 Rcf8 34. Ng5 Qf4+ 35.
Qxf4 exf4+ 36. Kf2 Rg7 37. Ne6 Re8 38. Nxg7 Kxg7 39. Rxh7+ 1-0

[Event "Novi Sad chess winter "]
[Site "Novi Sad"]
[Date "2014.01.10"]
[Round "1.12"]
[White "Simeunovic, Predrag"]
[Black "Vlaovic, Djordje"]
[Result "1/2-1/2"]
[WhiteElo "2135"]
[BlackElo "2132"]
[PlyCount "90"]
[EventDate "2014.01.10"]

1. e4 c5 2. Nf3 b6 3. d4 cxd4 4. Nxd4 Bb7 5. f3 a6 6. Nc3 b5 7. Be3 g6 8. Qd2
Bg7 9. O-O-O d6 10. Nd5 Nd7 11. Nb3 Rc8 12. Qa5 Qxa5 13. Nxa5 Bxd5 14. exd5 Bh6
15. f4 Ngf6 16. g3 O-O 17. Bh3 Rc7 18. Rhe1 Re8 19. Nc6 Bf8 20. Bg2 h5 21. Bd2
h4 22. Ba5 Rb7 23. Bf3 hxg3 24. hxg3 Nb6 25. b3 Nfd7 26. Bg4 f5 27. Bf3 Nf6 28.
Re6 Kf7 29. Re2 Rc8 30. Rde1 Nbxd5 31. Nd8+ Rxd8 32. Bxd8 Rb8 33. Ba5 Rc8 34.
Rd2 e6 35. Rd3 Rc5 36. a3 Be7 37. Kb1 Rc8 38. Red1 Ne4 39. Be1 Bf6 40. Kc1 Rc5
41. b4 Rc4 42. Rxd5 exd5 43. Rxd5 Ke6 44. Rd1 d5 45. Be2 Rc6 1/2-1/2

[Event "Novi Sad chess winter "]
[Site "Novi Sad"]
[Date "2014.01.10"]
[Round "1.8"]
[White "Trajkovic, Aleksandar"]
[Black "Ratic, Zoran"]
[Result "1-0"]
[WhiteElo "2197"]
[BlackElo "1938"]
[PlyCount "87"]
[EventDate "2014.01.10"]

1. c4 Nf6 2. Nc3 g6 3. e4 d6 4. d4 Nc6 5. Nf3 Bg4 6. Be2 Bg7 7. Be3 e6 8. h3
Bxf3 9. Bxf3 Qe7 10. Qb3 Qd7 11. e5 dxe5 12. Qxb7 O-O 13. Qxc6 exd4 14. Qxd7
Nxd7 15. Bxa8 Rxa8 16. O-O-O c5 17. Ne4 a5 18. Bf4 f5 19. Nd6 e5 20. Bh2 Ra6
21. Nb5 Nb6 22. b3 a4 23. Nc7 Ra5 24. Ne6 Bf6 25. Rhe1 axb3 26. axb3 Nd7 27.
Re2 Ra7 28. Kb1 Kf7 29. Nxc5 Nxc5 30. Bxe5 Nxb3 31. Bxf6 Ra1+ 32. Kc2 d3+ 33.
Rxd3 Ra2+ 34. Kxb3 Rxe2 35. Bd4 h5 36. Be3 f4 37. Bxf4 Rxf2 38. g3 h4 39. c5 g5
40. Bxg5 hxg3 41. Rxg3 Ke6 42. Rd3 Rf5 43. Be3 Rf3 44. c6 1-0

[Event "Novi Sad chess winter "]
[Site "Novi Sad"]
[Date "2014.01.10"]
[Round "1.6"]
[White "Elez, Nikola"]
[Black "Vucurovic, Nebojsa"]
[Result "1-0"]
[WhiteElo "2227"]
[BlackElo "2016"]
[PlyCount "87"]
[EventDate "2014.01.10"]

1. e4 e5 2. Nf3 Nc6 3. Bc4 Bc5 4. d3 d6 5. Nc3 Nf6 6. Bg5 Na5 7. Bxf6 Qxf6 8.
Nd5 Qd8 9. b4 Nxc4 10. bxc5 Na5 11. cxd6 Qxd6 12. Qd2 Nc6 13. O-O O-O 14. Ne3
f5 15. exf5 Bxf5 16. Rfe1 Nd4 17. Nxd4 exd4 18. Nc4 Qf6 19. Re2 Be6 20. Ne5 Bd5
21. f3 Rad8 22. a4 c5 23. Qa5 Qd6 24. Rae1 h6 25. Qd2 Qa6 26. a5 b5 27. axb6
axb6 28. Ng6 Rf7 29. Re8+ Rxe8 30. Rxe8+ Kh7 31. Nf8+ Kg8 32. Ne6+ Kh7 33. Ng5+
hxg5 34. Qxg5 Qa1+ 35. Kf2 Bxf3 36. gxf3 Rxf3+ 37. Kxf3 Qf1+ 38. Kg4 Qg2+ 39.
Kf5 g6+ 40. Kf6 Qf3+ 41. Ke6 Qc6+ 42. Kf7 Qf3+ 43. Qf6 Qd5+ 44. Kf8 1-0

[Event "Novi Sad chess winter "]
[Site "Novi Sad"]
[Date "2014.01.10"]
[Round "1.5"]
[White "Licina, Zoran"]
[Black "Jakovljevic, Zoran N"]
[Result "1/2-1/2"]
[WhiteElo "2233"]
[BlackElo "2122"]
[PlyCount "105"]
[EventDate "2014.01.10"]

1. e4 d6 2. d4 Nf6 3. Nc3 g6 4. Bg5 c6 5. Qd2 b5 6. Bd3 h6 7. Bh4 Bg7 8. f4 Qb6
9. Nf3 Bg4 10. e5 dxe5 11. dxe5 Nfd7 12. Bf2 Qa5 13. Nd4 Nc5 14. h3 Bc8 15. O-O
Nxd3 16. cxd3 O-O 17. Nb3 Qd8 18. Nc5 Nd7 19. N3e4 Nb6 20. Rac1 Bf5 21. Ng3 Bc8
22. Rfd1 Nd5 23. Nb3 Bd7 24. Bc5 a5 25. Nd4 g5 26. fxg5 Bxe5 27. Nge2 Kh7 28.
Nf3 Bg7 29. Nf4 Nxf4 30. Qxf4 Be6 31. Qh4 Bd5 32. Bxe7 Qd7 33. gxh6 Bxb2 34.
Bxf8 Bxf3 35. gxf3 Bxc1 36. Rxc1 Rxf8 37. Qe4+ f5 38. Qxc6 Rg8+ 39. Kh2 Qxd3
40. Qc7+ Kxh6 41. Rc6+ Rg6 42. Rxg6+ Kxg6 43. Qxa5 Qe2+ 44. Kg3 Qe5+ 45. Kg2 f4
46. Qd2 Kh5 47. Qd3 Qb2+ 48. Kg1 Kh4 49. Qh7+ Kg3 50. Qg6+ Kxf3 51. Qg4+ Ke4
52. Qg6+ Ke3 53. Qe6+ 1/2-1/2

[Event "Novi Sad chess winter "]
[Site "Novi Sad"]
[Date "2014.01.10"]
[Round "1.3"]
[White "Yagupov, Igor"]
[Black "Jevtic, Miroljub"]
[Result "1-0"]
[WhiteElo "2388"]
[BlackElo "2073"]
[PlyCount "127"]
[EventDate "2014.01.10"]

1. Nf3 Nc6 2. d4 d5 3. c4 e6 4. Nc3 Nf6 5. Bg5 Be7 6. e3 O-O 7. Rc1 Re8 8. a3
a5 9. Bd3 dxc4 10. Bxc4 Nd5 11. Bxe7 Ncxe7 12. Ne4 Ng6 13. O-O c6 14. Ng3 Nf6
15. e4 h6 16. e5 Nd5 17. Ne4 Nh4 18. Nd6 Rf8 19. Nxh4 Qxh4 20. Bxd5 exd5 21. f4
f5 22. Rc3 Qe7 23. g4 g6 24. Rg3 Kh7 25. gxf5 Bxf5 26. Nxf5 Rxf5 27. Rxg6 Qf7
28. Rg4 Rf8 29. Qe1 b6 30. b4 axb4 31. axb4 Qe7 32. Qc3 h5 33. Rg3 Qe8 34. Qc2
Kh6 35. Rc3 Qg6+ 36. Kh1 Rxf4 37. Qxg6+ Kxg6 38. Rxc6+ Kg5 39. Rd1 Rf1+ 40.
Rxf1 Rxf1+ 41. Kg2 Rd1 42. Rxb6 Rxd4 43. Kf3 Kf5 44. e6 Rf4+ 45. Ke3 Re4+ 46.
Kd3 Kf6 47. Kc3 Ke7 48. b5 Rc4+ 49. Kb3 h4 50. h3 Rf4 51. Rc6 Rf1 52. b6 Rb1+
53. Kc2 Rb4 54. Kc3 Rb1 55. Kd4 Rb3 56. Kxd5 Rb5+ 57. Ke4 Rb4+ 58. Kf5 Rb5+ 59.
Kg4 Rb4+ 60. Kg5 Ke8 61. Kf6 Rf4+ 62. Ke5 Rb4 63. Kd6 Rd4+ 64. Kc7 1-0

[Event "Novi Sad chess winter "]
[Site "Novi Sad"]
[Date "2014.01.11"]
[Round "2.10"]
[White "Putnik, Milan"]
[Black "Jakovljevic, Zoran N"]
[Result "0-1"]
[WhiteElo "1750"]
[BlackElo "2122"]
[PlyCount "70"]
[EventDate "2014.01.10"]

1. d4 Nf6 2. Nf3 g6 3. Bf4 Bg7 4. h3 d6 5. e3 O-O 6. Be2 c5 7. O-O b6 8. c4 Bb7
9. Nc3 cxd4 10. exd4 Nbd7 11. h4 d5 12. Ne5 dxc4 13. Bxc4 Nh5 14. Qg4 Ndf6 15.
Nxf7 Rxf7 16. Qe6 Nxf4 17. Qxf7+ Kh8 18. Rfe1 Qf8 19. Rxe7 Qxf7 20. Rxf7 Bxg2
21. Re1 Bd5 22. Rxf6 Bxf6 23. Nxd5 Nxd5 24. Bxd5 Rd8 25. Bc6 Rxd4 26. h5 gxh5
27. b3 Rd2 28. a4 Bd4 29. Re8+ Kg7 30. Re7+ Kh6 31. Rxa7 Rxf2 32. Kh1 Kg5 33.
Re7 h4 34. Rxh7 Kg4 35. Re7 Kg3 0-1

[Event "Novi Sad chess winter "]
[Site "Novi Sad"]
[Date "2014.01.11"]
[Round "2.12"]
[White "Vukovic, Cvetko"]
[Black "Marjanovic, Zoran L"]
[Result "0-1"]
[WhiteElo "1801"]
[BlackElo "1795"]
[PlyCount "30"]
[EventDate "2014.01.10"]

1. e4 c5 2. Nf3 e6 3. d4 cxd4 4. Nxd4 Nc6 5. Be3 Nf6 6. Nc3 Bb4 7. Bd3 d5 8. f3
e5 9. Nxc6 bxc6 10. exd5 cxd5 11. Bb5+ Bd7 12. Bxd7+ Qxd7 13. Bd2 O-O 14. O-O
Rfe8 15. Nxd5 Bxd2 0-1

[Event "Novi Sad chess winter "]
[Site "Novi Sad"]
[Date "2014.01.11"]
[Round "2.13"]
[White "Popovic, Milan S"]
[Black "Babic, Radoslav"]
[Result "1-0"]
[WhiteElo "2185"]
[BlackElo "2188"]
[PlyCount "99"]
[EventDate "2014.01.10"]

1. e4 e5 2. d4 exd4 3. Qxd4 Nc6 4. Qe3 g6 5. Nc3 Bg7 6. Bd2 Nge7 7. O-O-O O-O
8. Bc4 Na5 9. Bd3 d5 10. exd5 Nxd5 11. Qc5 Nxc3 12. Bxc3 b6 13. Qa3 Qg5+ 14.
Kb1 Bxc3 15. Qxc3 Qxg2 16. Ne2 Be6 17. Ng3 Qd5 18. b3 Rad8 19. Be4 Qc5 20. Qf6
Rd6 21. Rxd6 cxd6 22. f4 Rc8 23. f5 Bd5 24. fxg6 hxg6 25. Bxg6 Qc3 26. Qxc3
Rxc3 27. Be4 Bxe4 28. Nxe4 Rc6 29. c4 Nb7 30. Rg1+ Kf8 31. h4 Ke7 32. Rg8 d5
33. cxd5 Rh6 34. Ra8 Rxh4 35. Rxa7 Rxe4 36. Rxb7+ Kd6 37. Rxb6+ Kxd5 38. Rf6
Re7 39. a4 Ke5 40. Rf1 Ra7 41. Kb2 f5 42. Ka3 Ke4 43. b4 f4 44. b5 Rf7 45. Kb4
f3 46. b6 f2 47. a5 Kd5 48. Kb5 Rf3 49. b7 Rb3+ 50. Ka6 1-0

[Event "Novi Sad chess winter "]
[Site "Novi Sad"]
[Date "2014.01.11"]
[Round "2.16"]
[White "Marholev, Dimitar"]
[Black "Jevtic, Miroljub"]
[Result "1-0"]
[WhiteElo "2321"]
[BlackElo "2073"]
[PlyCount "65"]
[EventDate "2014.01.10"]

1. e4 e5 2. Nf3 Nc6 3. d4 exd4 4. Nxd4 Bc5 5. Be3 Qf6 6. c3 Nge7 7. g3 O-O 8.
Bg2 Bb6 9. O-O d6 10. a4 a6 11. h3 h6 12. Na3 Qg6 13. Nxc6 bxc6 14. Bxb6 cxb6
15. Nc4 Rd8 16. Nxb6 Rb8 17. a5 Be6 18. Qe2 d5 19. Rfd1 dxe4 20. Bxe4 Qf6 21.
Rxd8+ Rxd8 22. Rd1 Re8 23. Bg2 Qg5 24. Qxa6 Qh5 25. Ra1 Bxh3 26. Bxh3 Qxh3 27.
Qe2 Kf8 28. Re1 Qf5 29. b4 h5 30. a6 h4 31. a7 hxg3 32. fxg3 Qg5 33. Qd3 1-0

[Event "Novi Sad chess winter "]
[Site "Novi Sad"]
[Date "2014.01.11"]
[Round "2.1"]
[White "Drazic, Sinisa"]
[Black "Lukovic, Vladimir"]
[Result "1/2-1/2"]
[WhiteElo "2421"]
[BlackElo "2396"]
[PlyCount "20"]
[EventDate "2014.01.10"]

1. d4 d5 2. c4 c6 3. Nc3 Nf6 4. cxd5 cxd5 5. Nf3 Nc6 6. Bf4 a6 7. e3 e6 8. Bd3
Be7 9. O-O O-O 10. Rc1 h6 1/2-1/2

[Event "Novi Sad chess winter "]
[Site "Novi Sad"]
[Date "2014.01.11"]
[Round "2.3"]
[White "Mladenovic, Aleksandar D"]
[Black "Trajkovic, Aleksandar"]
[Result "0-1"]
[WhiteElo "1959"]
[BlackElo "2197"]
[PlyCount "98"]
[EventDate "2014.01.10"]

1. d4 Nf6 2. c4 g6 3. Nc3 Bg7 4. e4 d6 5. Nf3 O-O 6. Be2 e5 7. d5 Nbd7 8. O-O
Nh5 9. g3 a5 10. Ne1 Nhf6 11. Nd3 b6 12. Be3 Ne8 13. Qd2 f5 14. f4 exf4 15.
Nxf4 Ne5 16. exf5 Bxf5 17. Ne6 Bxe6 18. Rxf8+ Bxf8 19. dxe6 Qe7 20. Bf4 Qxe6
21. Bxe5 Qxe5 22. Bf3 Rd8 23. Re1 Qc5+ 24. Kg2 Nf6 25. Ne4 Nxe4 26. Rxe4 Bg7
27. Qe2 Be5 28. h4 Rf8 29. Qd2 Kg7 30. b3 Qb4 31. Qxb4 axb4 32. Re2 h5 33. Rc2
Re8 34. Re2 Re7 35. Rd2 Bc3 36. Rd3 Re5 37. Rd5 Re1 38. Rd1 Re8 39. Kf2 Kf6 40.
Bd5 Re5 41. Bf3 Ra5 42. Ke3 Rxa2 43. g4 hxg4 44. Bxg4 Rb2 45. Ke4 Rxb3 46. h5
gxh5 47. Bxh5 Be5 48. Rf1+ Ke6 49. c5 d5# 0-1

[Event "Novi Sad chess winter "]
[Site "Novi Sad"]
[Date "2014.01.11"]
[Round "2.4"]
[White "Cengija, Vanja"]
[Black "Yagupov, Igor"]
[Result "1/2-1/2"]
[WhiteElo "2255"]
[BlackElo "2388"]
[PlyCount "78"]
[EventDate "2014.01.10"]

1. d4 d5 2. c4 c6 3. Nc3 Nf6 4. e3 e6 5. Nf3 Nbd7 6. Qc2 Bd6 7. b3 O-O 8. Be2
b6 9. Bb2 Bb7 10. O-O Qe7 11. Rad1 Rad8 12. e4 Nxe4 13. Nxe4 dxe4 14. Qxe4 Nf6
15. Qh4 c5 16. Rfe1 Ne4 17. Qxe7 Bxe7 18. Bd3 f5 19. Bxe4 fxe4 20. Ne5 cxd4 21.
Bxd4 Bb4 22. Rf1 Rd6 23. Be3 Rfd8 24. Rxd6 Rxd6 25. f4 exf3 26. gxf3 Bc3 27. f4
Be4 28. Kf2 Rd8 29. Rg1 Bb4 30. Ke2 Kf8 31. Rc1 Ba3 32. Rg1 g6 33. Bc1 Be7 34.
Bd2 Ba3 35. Rg3 Bb2 36. b4 Rc8 37. Bc3 Bc1 38. Bd2 Bb2 39. Bc3 Bc1 1/2-1/2

[Event "Novi Sad chess winter "]
[Site "Novi Sad"]
[Date "2014.01.11"]
[Round "2.5"]
[White "Radulovic, Bojan"]
[Black "Dostan, Janos"]
[Result "1-0"]
[WhiteElo "2235"]
[BlackElo "2210"]
[PlyCount "63"]
[EventDate "2014.01.10"]

1. e4 d6 2. d4 Nf6 3. f3 Nbd7 4. Be3 e5 5. c3 Be7 6. Bc4 c6 7. dxe5 dxe5 8. Nd2
b5 9. Be2 Nc5 10. Nb3 Qxd1+ 11. Rxd1 Nxb3 12. axb3 O-O 13. b4 Rd8 14. Ra1 a6
15. Nh3 Bxh3 16. gxh3 Nd7 17. Kf2 c5 18. bxc5 Nxc5 19. Rhd1 Na4 20. Rxd8+ Rxd8
21. Ra2 Nc5 22. Ke1 g6 23. Bxc5 Bxc5 24. Rxa6 Bg1 25. Bxb5 Bxh2 26. Bc4 Kg7 27.
Ra7 Kf6 28. Rxf7+ Kg5 29. Rxh7 Rb8 30. b3 Ra8 31. Ke2 Bf4 32. h4+ 1-0

[Event "Novi Sad chess winter "]
[Site "Novi Sad"]
[Date "2014.01.11"]
[Round "2.6"]
[White "Ratic, Zoran"]
[Black "Simovic, Zarko"]
[Result "1/2-1/2"]
[WhiteElo "1938"]
[BlackElo "1946"]
[PlyCount "136"]
[EventDate "2014.01.10"]

1. Nf3 Nf6 2. d4 g6 3. g3 Bg7 4. Bg2 d6 5. c4 O-O 6. O-O Nbd7 7. Nc3 c6 8. e4
e5 9. d5 cxd5 10. cxd5 Nc5 11. Re1 a5 12. a4 Bd7 13. Bg5 h6 14. Bxf6 Bxf6 15.
Nd2 Bg7 16. Nc4 Ra6 17. Rb1 f5 18. b4 axb4 19. Rxb4 Nxa4 20. Nxa4 b5 21. Nab2
bxc4 22. Nxc4 fxe4 23. Bxe4 Qf6 24. Qc2 Bh3 25. Reb1 Bf5 26. Bxf5 Qxf5 27. Qxf5
Rxf5 28. Rb8+ Rf8 29. R8b6 Ra2 30. R1b2 Rxb2 31. Rxb2 e4 32. Re2 Rf5 33. Nxd6
Rxd5 34. Nxe4 Rd4 35. h4 Kf7 36. Kg2 Bf8 37. g4 Be7 38. Kg3 Rd3+ 39. Re3 Rd1
40. h5 Rg1+ 41. Kf3 gxh5 42. gxh5 Rb1 43. Kg4 Rb4 44. f3 Rb1 45. Rc3 Rh1 46.
Ng3 Rh4+ 47. Kf5 Bd6 48. Ne2 Rxh5+ 49. Kg4 Rg5+ 50. Kh4 Be7 51. Kh3 Bf6 52.
Rc7+ Be7 53. Ng3 Ke8 54. Rc6 Bf8 55. f4 Rb5 56. f5 Rb3 57. Kg4 Rb4+ 58. Kh5 Kd7
59. Rf6 Be7 60. Rf7 Ke8 61. Rg7 Kf8 62. Rg4 Rxg4 63. Kxg4 Kf7 64. Ne4 Bb4 65.
Nf2 Bc5 66. Nd3 Bd6 67. Nb2 Kf6 68. Nc4 h5+ 1/2-1/2

[Event "Novi Sad chess winter "]
[Site "Novi Sad"]
[Date "2014.01.11"]
[Round "2.8"]
[White "Vlaovic, Djordje"]
[Black "Lukajic, Bojan"]
[Result "1/2-1/2"]
[WhiteElo "2132"]
[BlackElo "2200"]
[PlyCount "53"]
[EventDate "2014.01.10"]

1. e4 c5 2. Nf3 Nc6 3. d4 cxd4 4. Nxd4 Nf6 5. Nc3 e5 6. Ndb5 d6 7. Bg5 a6 8.
Bxf6 gxf6 9. Na3 b5 10. Nd5 Bg7 11. Bd3 O-O 12. O-O Ne7 13. Nxe7+ Qxe7 14. c4
bxc4 15. Nxc4 f5 16. Re1 fxe4 17. Bxe4 Rb8 18. Qxd6 Qxd6 19. Nxd6 Rxb2 20. Bf5
Bxf5 21. Nxf5 Bf6 22. Kf1 h5 23. Re2 Rfb8 24. Rxb2 Rxb2 25. a4 Kh7 26. Ne3 e4
27. Rc1 1/2-1/2

[Event "Novi Sad chess winter "]
[Site "Novi Sad"]
[Date "2014.01.11"]
[Round "3.1"]
[White "Trajkovic, Aleksandar"]
[Black "Farkas, Sandor I"]
[Result "1-0"]
[WhiteElo "2197"]
[BlackElo "1874"]
[PlyCount "117"]
[EventDate "2014.01.10"]

1. c4 g6 2. Nc3 Bg7 3. d4 Nf6 4. e4 d6 5. Nf3 O-O 6. Be2 Na6 7. Bg5 e5 8. dxe5
dxe5 9. Qxd8 Rxd8 10. Nxe5 Re8 11. O-O-O Nxe4 12. Nxe4 Bxe5 13. Nf6+ Bxf6 14.
Bxf6 Be6 15. Rhe1 Nc5 16. Bd4 Nd7 17. b3 c6 18. f4 a5 19. Bf3 a4 20. Kb2 f5 21.
h3 Kf7 22. g4 h6 23. g5 hxg5 24. fxg5 axb3 25. axb3 Ra6 26. h4 Nf8 27. Bc5 Nh7
28. Ra1 Rxa1 29. Rxa1 Bc8 30. Kc3 Nf8 31. Ra7 Ke6 32. b4 Nd7 33. Bf2 Ne5 34.
Bg2 Nf7 35. b5 cxb5 36. Bd5+ Ke7 37. cxb5 Nd8 38. Bd4 Kd6 39. Bf3 Re7 40. Ra1
Ne6 41. Bf2 Rc7+ 42. Kb4 Rc2 43. Rd1+ Ke7 44. Bd4 Rh2 45. Bf6+ Kf7 46. Rh1 Rxh1
47. Bxh1 Ke8 48. Ka5 f4 49. Be5 Ke7 50. Kb6 Kd7 51. Bf3 Kd8 52. Be4 Ke7 53. Bd5
Kd7 54. Ka7 Kd8 55. b6 Nc5 56. Bxf4 Ke7 57. Kb8 Kd7 58. Bc4 Na4 59. Bb5+ 1-0

[Event "Novi Sad chess winter "]
[Site "Novi Sad"]
[Date "2014.01.11"]
[Round "3.4"]
[White "Lukovic, Vladimir"]
[Black "Marholev, Dimitar"]
[Result "1-0"]
[WhiteElo "2396"]
[BlackElo "2321"]
[PlyCount "115"]
[EventDate "2014.01.10"]

1. e4 e5 2. Nf3 Nc6 3. Bb5 a6 4. Ba4 Nf6 5. O-O Be7 6. Re1 b5 7. Bb3 d6 8. c3
Na5 9. Bc2 c5 10. h3 O-O 11. d4 Qc7 12. Nbd2 Bb7 13. d5 Bc8 14. b3 Bd7 15. Nf1
Ne8 16. Ng3 g6 17. Nh2 c4 18. b4 Nb7 19. a4 Ng7 20. Be3 Rfc8 21. Ra3 Nd8 22.
Qf3 f6 23. Rea1 Rab8 24. h4 h5 25. Ne2 f5 26. exf5 Nxf5 27. g3 Nf7 28. Nf1 Qd8
29. Bd2 Kg7 30. Ne3 N7h6 31. Qe4 Rb7 32. Nxf5+ Bxf5 33. Bxh6+ Kxh6 34. Qe3+ Kg7
35. Be4 Qb6 36. Qxb6 Rxb6 37. f3 Bxe4 38. fxe4 Rf8 39. axb5 axb5 40. Ra7 Rf7
41. Rf1 Rxf1+ 42. Kxf1 Kf8 43. Ng1 g5 44. hxg5 Bxg5 45. Nf3 Be7 46. Nh4 Bxh4
47. gxh4 Kg8 48. Ke2 Kh8 49. Kd2 Kg8 50. Kc2 Kh8 51. Rc7 Rb8 52. Rc6 Rg8 53.
Rxd6 Rg2+ 54. Kd1 Rg4 55. Re6 Rxe4 56. d6 Re3 57. Kc2 Re2+ 58. Kc1 1-0

[Event "Novi Sad chess winter "]
[Site "Novi Sad"]
[Date "2014.01.11"]
[Round "3.5"]
[White "Yagupov, Igor"]
[Black "Radulovic, Bojan"]
[Result "1-0"]
[WhiteElo "2388"]
[BlackElo "2235"]
[PlyCount "61"]
[EventDate "2014.01.10"]

1. Nf3 d5 2. c4 c6 3. d4 Nf6 4. Nc3 h6 5. e3 Bg4 6. cxd5 Bxf3 7. Qxf3 cxd5 8.
Bd3 Nc6 9. O-O e6 10. Bd2 Bd6 11. Rfc1 Rc8 12. Na4 O-O 13. a3 e5 14. Bf5 e4 15.
Qe2 Rc7 16. Bh3 Nd7 17. Nc3 Ne7 18. Nb5 Rxc1+ 19. Rxc1 Bb8 20. Bb4 Nb6 21. Qc2
Re8 22. Nc7 Bxc7 23. Qxc7 Nc6 24. Qxb7 Nxb4 25. axb4 Qe7 26. Rc7 Qxb4 27. g3
Qe1+ 28. Kg2 Rf8 29. Be6 Kh8 30. Rxf7 Rg8 31. Qe7 1-0

[Event "Novi Sad chess winter "]
[Site "Novi Sad"]
[Date "2014.01.11"]
[Round "3.10"]
[White "Licina, Zoran"]
[Black "Vlaovic, Djordje"]
[Result "1/2-1/2"]
[WhiteElo "2233"]
[BlackElo "2132"]
[PlyCount "49"]
[EventDate "2014.01.10"]

1. e4 c5 2. Nf3 Nf6 3. e5 Nd5 4. Nc3 e6 5. Nxd5 exd5 6. d4 Nc6 7. c3 d6 8. Bb5
a6 9. Bxc6+ bxc6 10. Bf4 Be7 11. exd6 Bxd6 12. Bxd6 Qxd6 13. Qe2+ Be6 14. dxc5
Qxc5 15. Nd4 O-O 16. Nxe6 fxe6 17. Qxe6+ Kh8 18. O-O Rae8 19. Qg4 Re4 20. Qd1
h6 21. Qd2 Rfe8 22. Rae1 Qe7 23. Rxe4 Qxe4 24. h3 Qc4 25. Re1 1/2-1/2

[Event "Novi Sad chess winter "]
[Site "Novi Sad"]
[Date "2014.01.11"]
[Round "3.12"]
[White "Aleksic, Zvonimir"]
[Black "Popovic, Milan S"]
[Result "0-1"]
[WhiteElo "1936"]
[BlackElo "2185"]
[PlyCount "134"]
[EventDate "2014.01.10"]

1. e4 c5 2. Nc3 d6 3. d3 g6 4. g3 Bg7 5. Bg2 Nc6 6. Be3 h5 7. Qd2 h4 8. h3 hxg3
9. fxg3 Nd4 10. Nd1 e5 11. c3 Nc6 12. Nf2 Nge7 13. h4 b6 14. g4 Be6 15. Nf3 Qd7
16. Bh3 f6 17. Qc2 d5 18. Rd1 Rc8 19. Qa4 O-O 20. O-O Nd4 21. Qxd7 Nxf3+ 22.
Kg2 Nxh4+ 23. Kg3 Bxd7 24. Kxh4 Be6 25. a3 d4 26. Bc1 dxc3 27. bxc3 Bb3 28. Rd2
Bh6 29. Rb2 Bxc1 30. Rxc1 Be6 31. Kg3 Rcd8 32. Bf1 Rd6 33. a4 Nc6 34. Nd1 f5
35. Nf2 Kg7 36. Be2 f4+ 37. Kf3 Rh8 38. Kg2 Na5 39. Rh1 Rxh1 40. Kxh1 Bb3 41.
g5 Bxa4 42. Ng4 c4 43. Nxe5 cxd3 44. Nxd3 f3 45. Bf1 Bc6 46. Nf2 Re6 47. Bd3
Re5 48. Nh3 Bxe4 49. Bxe4 Rxe4 50. Kg1 Rg4+ 51. Kf1 Rg3 52. Rh2 Nc4 53. Kf2
Rg2+ 54. Rxg2 fxg2 55. Kxg2 a5 56. Nf2 a4 57. Nd3 Kf7 58. Kg3 Ke6 59. Kf4 a3
60. Nb4 Nd6 61. Ke3 Ke5 62. Kd3 Ne4 63. Kc4 Nxg5 64. Kb5 Ne4 65. Na2 g5 66.
Kxb6 g4 67. c4 g3 0-1